000 01208cam a2200337 a 4500
003 CHAP
005 20220329142509.0
008 010725d2001 mx 00 spa d
010 _a84314
011 _a85286
035 _a95819
040 _cCHAP
100 0 0 _aPérez Robles, Karina.
_989977
245 0 0 _aComunicación como estrategia de desarrollo para organizaciones campesinas, caso COFLOTEX
_c/por Karina Pérez Robles
260 _aChapingo, Méx. :
_bEl autor,
_c2001.
300 _a180 h.
500 _aTesis (M.C. en Sociología Rural) -- UACH. Departamento de Sociología Rural
590 _aBATCH-UPD
_b10
_c20130110
_lUCH01
_h0645
590 _aBATCH-UPD
_b10
_c20130410
_lUCH01
_h0329
590 _aBATCH-UPD
_b10
_c20130914
_lUCH01
_h0829
590 _aCONVERSION
_b10
_c20130109
_lUCH01
_h1347
650 1 4 _aCampesinado
_xMéxico (Edo.)
_918026
650 1 4 _aComunicación en agricultura.
_926212
650 1 4 _aDesarrollo rural.
_932067
650 1 4 _aFloricultura
_zMéxico (Edo.).
_941853
901 _aBK
905 _aLilia Sánchez G.
942 _cFOLL
949 _aTesis
_bBC
_cTES
_d33724000837225
_eTS2
_fc.2
_h38273
_i95819
_si
949 _aTesis
_bBC
_cTES
_d958191
_eTS1
_h38272
_i95819
_sb
999 _c84314
_d84314